[Event "Euskadi-ch"]
[Site "Zornotza"]
[Date "2016.03.31"]
[Round "4"]
[White "Garro Beraza, Julen"]
[Black "Arce Balluerca, Jorge"]
[Result "1-0"]
[WhiteElo "1962"]
[BlackElo "2023"]
[PlyCount "123"]
[EventDate "2016.03.28"]
[EventType "swiss"]
[EventRounds "7"]
[EventCountry "ESP"]
[SourceTitle "EXT 2018"]
[Source "ChessBase"]
[SourceDate "2017.10.13"]
[SourceVersion "1"]
[SourceVersionDate "2017.10.13"]
[SourceQuality "1"]

1. e4 e5 2. Nf3 Nc6 3. Bb5 a6 4. Ba4 Nf6 5. 0-0 d6 6. Bxc6+ bxc6 7. d4 exd4 8. Nxd4 Bd7 9. Qf3 Be7 10. e5 dxe5 11. Nxc6 Bxc6 12. Qxc6+ Kf8 13. Nc3 h6 14. Be3 Rb8 15. Rad1 Qc8 16. Bc5 Bxc5 17. Qxc5+ Kg8 18. Qxe5 Kh7 19. Ne4 Nxe4 20. Qxe4+ f5 21. Qe5 Re8 22. Qc3 Re4 23. b3 Rb6 24. Rd5 Qe6 25. Qd3 Rc6 26. c4 Kg6 27. h3 Rd6 28. Rd1 Rxd5 29. Qxd5 Re1+ 30. Kh2 Qxd5 31. Rxd5 Re2 32. Ra5 Rxf2 33. Rxa6+ Kg5 34. Kg3 Rf1 35. Ra5 h5 36. h4+ Kf6 37. Ra6+ Kf7 38. Rc6 f4+ 39. Kh2 Rf2 40. Rxc7+ Kf6 41. Rd7 Rxa2 42. Kg1 Rb2 43. Rd3 Ke5 44. Rc3 Kd4 45. Rf3 Ke4 46. Rc3 Kd4 47. Rc1 Rxb3 48. c5 Rb7 49. c6 Rc7 50. Kf2 Ke4 51. Ke2 g6 52. Kf2 f3 53. gxf3+ Kf4 54. Rc5 g5 55. hxg5 h4 56. Kg2 Ke3 57. g6 h3+ 58. Kxh3 Kxf3 59. Kh4 Ke4 60. Kg5 Kd4 61. Rc1 Kd5 62. Kf6 1-0

[Event "Euskadi-ch"]
[Site "Zornotza"]
[Date "2016.03.28"]
[Round "1"]
[White "Arce Balluerca, Jorge"]
[Black "Astasio Lopez, David"]
[Result "0-1"]
[WhiteElo "2023"]
[BlackElo "2399"]
[PlyCount "244"]
[EventDate "2016.03.28"]
[EventType "swiss"]
[EventRounds "7"]
[EventCountry "ESP"]
[SourceTitle "EXT 2018"]
[Source "ChessBase"]
[SourceDate "2017.10.13"]
[SourceVersion "1"]
[SourceVersionDate "2017.10.13"]
[SourceQuality "1"]

1. Nf3 d5 2. g3 Nd7 3. d4 Ngf6 4. Bg2 e6 5. 0-0 b5 6. a4 b4 7. c4 c5 8. a5 Ba6 9. cxd5 exd5 10. dxc5 Bxc5 11. Nbd2 0-0 12. Nb3 Re8 13. Nxc5 Nxc5 14. Be3 Rc8 15. Nd4 Qd7 16. Rc1 Nfe4 17. Qe1 b3 18. Qb4 Bc4 19. Rfd1 h6 20. Bf4 Ne6 21. Bh3 Qd8 22. Nxe6 fxe6 23. Bxe6+ Rxe6 24. Rxc4 Rxc4 25. Qxc4 dxc4 26. Rxd8+ Kf7 27. Rc8 c3 28. Rb8 Nc5 29. bxc3 Rxe2 30. Be3 b2 31. Bxc5 Re1+ 32. Kg2 b1R 33. Rxb1 Rxb1 34. Bxa7 Rb3 35. Be3 Ra3 36. Bb6 Ke6 37. Kf3 Rxc3+ 38. Ke4 Ra3 39. h4 Ra4+ 40. Kf3 Kf5 41. Bc7 Ra3+ 42. Kg2 g5 43. hxg5 hxg5 44. f3 Ke6 45. g4 Kd7 46. Bb6 Kc8 47. Kg3 Kd7 48. Kf2 Ra4 49. Ke3 Ke7 50. Bc7 Rc4 51. Bb6 Ra4 52. Bc7 Ke8 53. Bb6 Kd7 54. Kd3 Rf4 55. Ke3 Rf6 56. Ke4 Rf4+ 57. Ke3 Rb4 58. Kd3 Ra4 59. Ke3 Ke7 60. Bc7 Rb4 61. Bb6 Rb5 62. Ke4 Ke6 63. Bc7 Rb1 64. f4 Rb4+ 65. Kf3 Kd7 66. Be5 Rb5 67. a6 Ra5 68. a7 gxf4 69. Kxf4 Rxa7 70. Kf5 Ra2 71. g5 Rf2+ 72. Kg6 Ke6 73. Bf6 Rg2 74. Bg7 Ke7 75. Bh6 Rg3 76. Kg7 Ke6 77. Kg6 Rg1 78. Bg7 Ke7 79. Bh6 Rg2 80. Bg7 Rg3 81. Bh6 Rb3 82. Bg7 Rb8 83. Bf6+ Kf8 84. Kf5 Rb5+ 85. Ke6 Rb1 86. g6 Kg8 87. Be5 Rb6+ 88. Kf5 Ra6 89. Bf6 Kf8 90. Ke5 Ra2 91. Ke6 Ra5 92. Kd6 Ke8 93. Ke6 Ra2 94. Kf5 Rf2+ 95. Ke6 Kf8 96. Be5 Re2 97. Kf6 Ra2 98. Bd6+ Kg8 99. Be5 Rd2 100. Kg5 Kf8 101. Bf6 Rd5+ 102. Kf4 Ra5 103. Kg4 Ke8 104. Kf4 Rb5 105. Ke4 Rb1 106. Kf5 Rg1 107. Bg5 Kf8 108. Bf6 Rg2 109. Be5 Rf2+ 110. Ke6 Ra2 111. Kf6 Ra6+ 112. Kg5 Ke7 113. Kh6 Ke6 114. Bb2 Kf5 115. Kg7 Rxg6+ 116. Kf7 Rb6 117. Ba3 Rb3 118. Bd6 Rb7+ 119. Be7 Ra7 120. Ke8 Ke6 121. Bg5 Ra8+ 122. Bd8 Rb8 0-1

[Event "Euskadi-ch"]
[Site "Zornotza"]
[Date "2015.04.09"]
[Round "4"]
[White "Arce Balluerca, Jorge"]
[Black "Goiria Egidazu, Jon Asel"]
[Result "1-0"]
[WhiteElo "1973"]
[BlackElo "2003"]
[PlyCount "39"]
[EventDate "2015.04.06"]
[EventType "swiss"]
[EventRounds "7"]
[EventCountry "ESP"]
[SourceTitle "EXT 2018"]
[Source "ChessBase"]
[SourceDate "2017.10.13"]
[SourceVersion "1"]
[SourceVersionDate "2017.10.13"]
[SourceQuality "1"]

1. d4 Nf6 2. Bg5 e6 3. e3 c5 4. c3 Nc6 5. Nd2 Be7 6. Ngf3 cxd4 7. exd4 0-0 8. Bd3 h6 9. h4 d6 10. Qe2 Nd5 11. 0-0-0 Bd7 12. Ne4 hxg5 13. hxg5 Nf4 14. Qe3 Nxd3+ 15. Qxd3 f5 16. gxf6 Rxf6 17. Nfg5 Rh6 18. f4 d5 19. Rxh6 dxe4 20. Rh8+ 1-0

[Event "Euskadi-chT (Vasca) Div 1st"]
[Site "Bergara"]
[Date "2012.02.18"]
[Round "6.3"]
[White "Galarza Cenzano, Inigo"]
[Black "Arce Balluerca, Jorge"]
[Result "1-0"]
[WhiteElo "2002"]
[BlackElo "2018"]
[PlyCount "65"]
[EventDate "2012.01.14"]
[EventType "team-tourn"]
[EventRounds "9"]
[EventCountry "ESP"]
[SourceTitle "EXT 2024"]
[Source "ChessBase"]
[SourceDate "2023.10.10"]
[SourceVersion "1"]
[SourceVersionDate "2023.10.10"]
[SourceQuality "1"]

1. e4 d6 2. d4 Nf6 3. Nc3 g6 4. Bc4 Bg7 5. f3 0-0 6. Be3 c6 7. a4 d5 8. Bb3 dxe4 9. Nxe4 Nd5 10. Bxd5 cxd5 11. Nc3 Nc6 12. Nge2 Bf5 13. 0-0 Nb4 14. Rc1 Rc8 15. Qd2 Qb6 16. Rfd1 Rc4 17. Kh1 Rfc8 18. Nf4 Qc6 19. Nd3 e5 20. Nxb4 Rxb4 21. Nxd5 Qxd5 22. Qxb4 exd4 23. c3 Rc4 24. Qb3 d3 25. Qb5 Qe6 26. Re1 a6 27. Qxb7 Be5 28. Rcd1 Rh4 29. f4 Bd6 30. Bd4 Qd7 31. Qxd7 Bxd7 32. Rxd3 Bxa4 33. Bf6 1-0

[Event "Euskadi-ch"]
[Site "Zornotza"]
[Date "2011.04.26"]
[Round "5"]
[White "Arce Balluerca, Jorge"]
[Black "Hernandez Perez, Jesus"]
[Result "1/2-1/2"]
[WhiteElo "2068"]
[BlackElo "2040"]
[PlyCount "48"]
[EventDate "2011.04.23"]
[EventType "swiss"]
[EventRounds "7"]
[EventCountry "ESP"]
[SourceTitle "EXT 2018"]
[Source "ChessBase"]
[SourceDate "2017.10.13"]
[SourceVersion "1"]
[SourceVersionDate "2017.10.13"]
[SourceQuality "1"]

1. Nf3 e6 2. g3 f5 3. Bg2 Nf6 4. 0-0 d5 5. d3 Bd6 6. Nc3 c6 7. e4 dxe4 8. dxe4 Be7 9. Qe2 0-0 10. exf5 exf5 11. Ng5 Kh8 12. Bf4 h6 13. Rad1 Qe8 14. Ne6 Bxe6 15. Qxe6 Bb4 16. Qb3 Bxc3 17. Qxb7 Nbd7 18. bxc3 Nc5 19. Qxc6 Qxc6 20. Bxc6 Rac8 21. Bd6 Rf7 22. Bxc5 Rxc6 23. Rd8+ Kh7 24. Bd4 Ne4 1/2-1/2

[Event "Euskadi-ch"]
[Site "Zornotza"]
[Date "2011.04.25"]
[Round "4"]
[White "Diez Fraile, David"]
[Black "Arce Balluerca, Jorge"]
[Result "1/2-1/2"]
[WhiteElo "2165"]
[BlackElo "2068"]
[PlyCount "29"]
[EventDate "2011.04.23"]
[EventType "swiss"]
[EventRounds "7"]
[EventCountry "ESP"]
[SourceTitle "EXT 2018"]
[Source "ChessBase"]
[SourceDate "2017.10.13"]
[SourceVersion "1"]
[SourceVersionDate "2017.10.13"]
[SourceQuality "1"]

1. e4 d6 2. d4 Nf6 3. Nc3 g6 4. f4 Bg7 5. Nf3 c5 6. Bb5+ Bd7 7. Bxd7+ Nfxd7 8. d5 Na6 9. 0-0 0-0 10. Be3 Rb8 11. a4 Nb4 12. Rf2 b6 13. Re2 Rb7 14. Bf2 Nf6 15. Bh4 1/2-1/2

[Event "Euskadi-chT (Vasca) Div 1st"]
[Site "Euskadi"]
[Date "2008.01.12"]
[Round "1.1"]
[White "Arce Balluerca, Jorge"]
[Black "Agirretxe San Sebastian, Jesus Maria"]
[Result "1/2-1/2"]
[WhiteElo "2112"]
[BlackElo "2182"]
[PlyCount "82"]
[EventDate "2008.01.12"]
[EventType "team-tourn"]
[EventRounds "9"]
[EventCountry "ESP"]
[SourceTitle "EXT 2024"]
[Source "ChessBase"]
[SourceDate "2023.10.10"]
[SourceVersion "1"]
[SourceVersionDate "2023.10.10"]
[SourceQuality "1"]

1. g3 d5 2. Bg2 e5 3. c4 Nf6 4. cxd5 Nxd5 5. Nf3 Nc6 6. 0-0 Be7 7. d3 0-0 8. Nbd2 Be6 9. Nc4 Bf6 10. Bd2 Nb6 11. Ne3 Qd7 12. Re1 Rad8 13. Bc3 Rfe8 14. Qc2 Nd4 15. Bxd4 exd4 16. Nf1 Nd5 17. Rac1 b6 18. N1d2 c5 19. a3 g6 20. Ne4 Bg7 21. Nfd2 h6 22. Nc4 Rf8 23. Ned2 Kh7 24. Nf3 Rfe8 25. Rcd1 Bg4 26. Qd2 Re7 27. e4 dxe3 28. Nxe3 Nxe3 29. Rxe3 Rxe3 30. fxe3 Qb5 31. Qe2 Qxb2 32. Ng5+ hxg5 33. Qxg4 Qxa3 34. Be4 f5 35. Qxg5 Rd6 36. Qh4+ Kg8 37. Bd5+ Kf8 38. Bc4 b5 39. Bxb5 Qb3 40. Qa4 Qe6 41. Qf4 Qe5 1/2-1/2

[Event "Euskadi-ch"]
[Site "Amorebieta"]
[Date "2006.04.22"]
[Round "6"]
[White "Navarro Cia, Miguel"]
[Black "Arce Balluerca, Jorge"]
[Result "1-0"]
[WhiteElo "2350"]
[BlackElo "2109"]
[PlyCount "71"]
[EventDate "2006.04.18"]
[EventType "swiss"]
[EventRounds "7"]
[EventCountry "ESP"]
[SourceTitle "CBM 111 Extra"]
[Source "ChessBase"]
[SourceDate "2006.05.09"]
[SourceVersion "1"]
[SourceVersionDate "2006.05.09"]
[SourceQuality "1"]

1. e4 d6 2. d4 Nf6 3. f3 c6 4. Nc3 e5 5. Be3 Qb6 6. Rb1 Be7 7. Qd2 Qc7 8. Nge2 0-0 9. Ng3 b5 10. Bd3 b4 11. Nce2 Be6 12. c4 bxc3 13. bxc3 Re8 14. 0-0 Nbd7 15. c4 exd4 16. Nxd4 Ne5 17. f4 Nxd3 18. Qxd3 Bc8 19. Rfc1 Bf8 20. h3 a5 21. Nf3 Ba6 22. Bb6 Qe7 23. e5 dxe5 24. Nxe5 Nd5 25. Nxc6 Qh4 26. Qxd5 Qxg3 27. Rf1 Bb7 28. Bf2 Bxc6 29. Bxg3 Bxd5 30. cxd5 Re2 31. f5 Rxa2 32. Rfd1 Rc2 33. d6 f6 34. d7 Be7 35. Bb8 Bd8 36. Re1 1-0

[Event "San Sebastian op 19th"]
[Site "San Sebastian"]
[Date "2006.04.15"]
[Round "9.19"]
[White "Arce Balluerca, Jorge"]
[Black "Contin, Daniel"]
[Result "0-1"]
[WhiteElo "2109"]
[BlackElo "2396"]
[PlyCount "70"]
[EventDate "2006.04.08"]
[EventType "swiss"]
[EventRounds "9"]
[EventCountry "ESP"]
[SourceTitle "CBM 111 Extra"]
[Source "ChessBase"]
[SourceDate "2006.05.09"]
[SourceVersion "1"]
[SourceVersionDate "2006.05.09"]
[SourceQuality "1"]

1. Nf3 Nf6 2. g3 b6 3. Bg2 Bb7 4. 0-0 c5 5. d4 cxd4 6. Qxd4 g6 7. c3 Bg7 8. Qh4 h6 9. Nbd2 d6 10. Re1 Nbd7 11. Nb3 Rc8 12. Qa4 Bc6 13. Qa6 e5 14. e4 Bxe4 15. Nxe5 dxe5 16. Bxe4 Nxe4 17. Rxe4 0-0 18. Re1 f5 19. Qd3 Qe7 20. Qd5+ Kh7 21. Nd4 Rf6 22. f4 Rd6 23. Qb7 Qd8 24. fxe5 Nxe5 25. Bf4 Rd7 26. Qg2 Nd3 27. Re2 Bxd4+ 28. cxd4 Rxd4 29. Be3 Rd5 30. Rf1 Rc7 31. Qh3 h5 32. Qg2 Re7 33. h4 Rde5 34. Bg5 Rxe2 35. Qxe2 Qd4+ 0-1

[Event "San Sebastian op 19th"]
[Site "San Sebastian"]
[Date "2006.04.13"]
[Round "7.18"]
[White "Arce Balluerca, Jorge"]
[Black "Cruz Lopez Claret, Carlos"]
[Result "1/2-1/2"]
[WhiteElo "2109"]
[BlackElo "2302"]
[PlyCount "48"]
[EventDate "2006.04.08"]
[EventType "swiss"]
[EventRounds "9"]
[EventCountry "ESP"]
[SourceTitle "CBM 111 Extra"]
[Source "ChessBase"]
[SourceDate "2006.05.09"]
[SourceVersion "1"]
[SourceVersionDate "2006.05.09"]
[SourceQuality "1"]

1. Nf3 d5 2. g3 Bg4 3. Bg2 Nd7 4. 0-0 c6 5. d3 Ngf6 6. Nc3 e5 7. e4 dxe4 8. Nxe4 Nxe4 9. dxe4 Be7 10. Be3 0-0 11. c3 Qc7 12. Qc2 Bc5 13. Bxc5 Nxc5 14. h3 Bh5 15. b4 Ne6 16. Nh4 f6 17. f3 Rfd8 18. Rad1 a5 19. a3 axb4 20. axb4 Qb6+ 21. Kh2 Bf7 22. Rxd8+ Rxd8 23. Rd1 g6 24. Rxd8+ Qxd8 1/2-1/2

[Event "San Sebastian op 19th"]
[Site "San Sebastian"]
[Date "2006.04.09"]
[Round "2.14"]
[White "Arce Balluerca, Jorge"]
[Black "Hanley, Craig"]
[Result "0-1"]
[WhiteElo "2105"]
[BlackElo "2402"]
[PlyCount "84"]
[EventDate "2006.04.08"]
[EventType "swiss"]
[EventRounds "9"]
[EventCountry "ESP"]
[SourceTitle "CBM 111 Extra"]
[Source "ChessBase"]
[SourceDate "2006.05.09"]
[SourceVersion "1"]
[SourceVersionDate "2006.05.09"]
[SourceQuality "1"]

1. g3 Nf6 2. Bg2 e5 3. c4 c6 4. d4 exd4 5. Qxd4 Na6 6. a3 Be7 7. Nf3 Nc5 8. Nbd2 0-0 9. 0-0 d5 10. cxd5 Nxd5 11. Ne5 Be6 12. Nd3 Nxd3 13. Qxd3 Nb6 14. Qc2 Qd4 15. Ne4 Qc4 16. Qxc4 Bxc4 17. Re1 Rfe8 18. Be3 Bd5 19. Bxb6 axb6 20. Nc3 Bb3 21. e3 Red8 22. Bf3 Rd2 23. Re2 Rad8 24. Rxd2 Rxd2 25. Rb1 f5 26. Bd1 Bxd1 27. Nxd1 b5 28. Kf1 Bf6 29. Ke1 Rc2 30. e4 fxe4 31. Ne3 Rxb2 32. Rd1 Bc3+ 33. Kf1 Rd2 34. Re1 Bb2 35. Nf5 Bxa3 36. Rxe4 Bc5 37. Rf4 b4 38. Rf3 Rxf2+ 39. Rxf2 Bxf2 40. Ke2 Bg1 41. h3 c5 42. Kd3 b5 0-1

[Event "Euskadi-ch"]
[Site "San Sebastian"]
[Date "2004.04.14"]
[Round "2"]
[White "Espin, Jesus Maria"]
[Black "Arce Balluerca, Jorge"]
[Result "1-0"]
[WhiteElo "2212"]
[BlackElo "2120"]
[PlyCount "121"]
[EventDate "2004.04.13"]
[EventType "swiss"]
[EventRounds "7"]
[EventCountry "ESP"]
[SourceTitle "EXT 2006"]
[Source "ChessBase"]
[SourceDate "2005.11.24"]
[SourceVersion "1"]
[SourceVersionDate "2005.11.24"]
[SourceQuality "1"]

1. d4 d6 2. Nf3 g6 3. g3 Bg7 4. Bg2 Nf6 5. 0-0 0-0 6. c4 c6 7. Nc3 Qa5 8. e4 e5 9. Rb1 Be6 10. b4 Qc7 11. d5 cxd5 12. cxd5 Bg4 13. Qd3 Qe7 14. Be3 Bc8 15. h3 Nh5 16. Rfc1 f5 17. Nb5 fxe4 18. Qxe4 Bf5 19. Bg5 Nf6 20. Qe3 Bxb1 21. Nc7 Na6 22. Nxa8 Bxa2 23. Qxa7 Bxd5 24. Nb6 Be6 25. b5 Nc5 26. Nxe5 dxe5 27. Nd5 Bxd5 28. Bxd5+ Kh8 29. Qxc5 Qd7 30. Bxf6 Rxf6 31. Qc8+ Qxc8 32. Rxc8+ Rf8 33. Bxb7 Rxc8 34. Bxc8 Bf8 35. b6 Kg7 36. b7 Bd6 37. Kg2 e4 38. Kf1 Kf6 39. Ke2 Ke5 40. h4 h6 41. g4 g5 42. h5 Kd4 43. Kd2 Bf4+ 44. Kc2 Bd6 45. Kb3 Kc5 46. Bf5 Kb5 47. Bxe4 Bb8 48. Kc3 Kc5 49. Kd3 Bc7 50. Bf3 Kd6 51. Ke4 Ke6 52. Be2 Bb8 53. Bc4+ Kf6 54. Kd5 Ke7 55. Kc6 Kd8 56. Kb6 Ke7 57. f3 Kd8 58. f4 gxf4 59. g5 hxg5 60. h6 Be5 61. h7 1-0

[Event "Euskadi-ch"]
[Site "Vitoria Gasteiz"]
[Date "2003.04.27"]
[Round "7.3"]
[White "Gonzalez de la Torre, Santiago"]
[Black "Arce Balluerca, Jorge"]
[Result "1-0"]
[WhiteElo "2383"]
[BlackElo "2118"]
[PlyCount "74"]
[EventDate "2003.04.22"]
[EventType "swiss"]
[EventRounds "7"]
[EventCountry "ESP"]
[SourceTitle "EXT 2004"]
[Source "ChessBase"]
[SourceDate "2003.11.25"]
[SourceVersion "1"]
[SourceVersionDate "2003.11.25"]
[SourceQuality "1"]

1. e4 c5 2. Nf3 e6 3. d4 cxd4 4. Nxd4 Qb6 5. Nb5 a6 6. Be3 Qa5+ 7. N5c3 Nf6 8. Nd2 d5 9. Nb3 Qc7 10. exd5 Bd6 11. Bd4 e5 12. Be3 b5 13. Bxb5+ axb5 14. Nxb5 Qe7 15. 0-0 Na6 16. c4 Ng4 17. Bg5 f6 18. Bd2 h5 19. h3 Nh6 20. Qxh5+ Kf8 21. Rae1 g5 22. f4 gxf4 23. Bxf4 Nf7 24. Qf3 f5 25. Bd2 Rh4 26. Nxd6 Qxd6 27. g4 Rb8 28. Qg3 Rh7 29. Bc3 Nc5 30. Bxe5 Nxe5 31. Rxe5 Rb6 32. Rexf5+ Bxf5 33. Qxd6+ Rxd6 34. Nxc5 Rxh3 35. Rxf5+ Ke8 36. Re5+ Kf7 37. Nd3 Rg6 1-0

[Event "Euskadi-ch15"]
[Site "Subijana de Alava"]
[Date "2001.04.19"]
[Round "4"]
[White "Manso Marquez, Felix"]
[Black "Arce Balluerca, Jorge"]
[Result "1/2-1/2"]
[WhiteElo "2050"]
[BlackElo "2141"]
[PlyCount "103"]
[EventDate "2001.04.17"]
[EventType "swiss"]
[EventRounds "7"]
[EventCountry "ESP"]
[SourceTitle "EXT 2002"]
[Source "ChessBase"]
[SourceDate "2001.11.25"]
[SourceVersion "1"]
[SourceVersionDate "2001.11.25"]
[SourceQuality "1"]

1. d4 d5 2. c4 dxc4 3. e4 Nf6 4. Nc3 e5 5. Nf3 Bg4 6. d5 Nbd7 7. Bxc4 Bb4 8. Qe2 0-0 9. 0-0 Bh5 10. Qc2 a6 11. Be2 Bd6 12. Ne1 Bg6 13. f3 Bc5+ 14. Kh1 b5 15. Nd3 Bd4 16. Nb4 Nb6 17. Nc6 Qd6 18. Qb3 Nbd7 19. Qd1 Bxc3 20. bxc3 Nb8 21. Na5 Qb6 22. Nb3 Nbd7 23. a4 c5 24. Be3 b4 25. a5 Qc7 26. cxb4 cxb4 27. Rc1 Qb7 28. Qd3 Rfc8 29. Rxc8+ Rxc8 30. Rc1 Rxc1+ 31. Bxc1 Nb8 32. Nc5 Qc7 33. Be3 Qxa5 34. Nxa6 Qa1+ 35. Bg1 Qxa6 36. Qxa6 Nxa6 37. Bxa6 b3 38. Bc5 Nxd5 39. Ba3 Ne3 40. Bd3 f5 41. Kg1 fxe4 42. fxe4 Ng4 43. Bb2 Nf6 44. Bxe5 Nxe4 45. Bxe4 Bxe4 46. Kf2 g5 47. Kg3 Kf7 48. Kg4 Ke6 49. Bg7 h6 50. h4 gxh4 51. Kxh4 Bxg2 52. Kh5 1/2-1/2

[Event "Euskadi-ch15"]
[Site "Subijana de Alava"]
[Date "2001.04.17"]
[Round "1"]
[White "Arce Balluerca, Jorge"]
[Black "Ruiz Gomez, Alejandro"]
[Result "0-1"]
[WhiteElo "2141"]
[BlackElo "2349"]
[PlyCount "84"]
[EventDate "2001.04.17"]
[EventType "swiss"]
[EventRounds "7"]
[EventCountry "ESP"]
[SourceTitle "EXT 2002"]
[Source "ChessBase"]
[SourceDate "2001.11.25"]
[SourceVersion "1"]
[SourceVersionDate "2001.11.25"]
[SourceQuality "1"]

1. c4 e5 2. Nc3 f5 3. d3 Nf6 4. g3 c6 5. Bg2 Bb4 6. Qb3 Ba5 7. Bg5 h6 8. Bd2 d6 9. e3 Nbd7 10. Rb1 Nc5 11. Qc2 e4 12. dxe4 fxe4 13. Nxe4 Ncxe4 14. Bxe4 Bxd2+ 15. Kxd2 0-0 16. Bf3 Nd7 17. Rf1 Qa5+ 18. Qc3 Qxa2 19. Be4 Ne5 20. Bd3 Be6 21. Ne2 Nxc4+ 22. Kc1 Ne5 23. Bb1 Qc4 24. Nf4 Qxc3+ 25. bxc3 Bc4 26. Rd1 d5 27. Rd2 g5 28. Nh3 Nf3 29. Rb2 b5 30. Ng1 Ne5 31. f4 Ng4 32. h4 gxf4 33. exf4 Rae8 34. Kd2 Re3 35. Rh3 Kg7 36. h5 a5 37. Bg6 a4 38. Rb1 a3 39. Ra1 a2 40. Rc1 Kf6 41. Kc2 Ra8 42. Ra1 Ra3 0-1

[Event "Alava-ch Absoluto"]
[Site "Alava"]
[Date "2001.??.??"]
[Round "?"]
[White "Perez, Alvaro"]
[Black "Arce Balluerca, Jorge"]
[Result "1-0"]
[WhiteElo "1900"]
[BlackElo "2110"]
[PlyCount "159"]
[EventDate "2001.10.06"]
[EventType "swiss"]
[EventRounds "7"]
[EventCountry "ESP"]
[SourceTitle "CBM 085 Extra"]
[Source "ChessBase"]
[SourceDate "2002.01.21"]
[SourceVersion "1"]
[SourceVersionDate "2002.01.21"]
[SourceQuality "1"]

1. d4 Nf6 2. c4 g6 3. Nc3 Bg7 4. e4 d6 5. f3 0-0 6. Be3 e5 7. Nge2 Nc6 8. d5 Ne7 9. Nc1 c5 10. Nd3 Ne8 11. b4 b6 12. Qb3 f5 13. 0-0-0 Nc7 14. b5 a6 15. Nb2 axb5 16. cxb5 Bd7 17. Nc4 Nc8 18. a4 Ne8 19. Be2 Nf6 20. Rhg1 Be8 21. g4 f4 22. Bf2 Rf7 23. Kc2 Rfa7 24. Ra1 Bd7 25. h3 Ne8 26. h4 h6 27. Rh1 Nc7 28. h5 g5 29. Ra2 Qe8 30. Rha1 Bf6 31. Ra3 Bd8 32. Bf1 Kh7 33. Be2 Qf7 34. Nd2 Ne8 35. Bg1 Nf6 36. Bh2 Bc7 37. Kb2 Ne7 38. Qc4 Bc8 39. R1a2 Bb7 40. Qd3 Kh8 41. Nc4 Nd7 42. Ra1 Nc8 43. R1a2 Bd8 44. Ra1 Bf6 45. R1a2 Bg7 46. Ra1 Nf6 47. Kc2 Qc7 48. Kb3 Nd7 49. Kc2 Bf6 50. R1a2 Bd8 51. Bg1 Nf6 52. Bf2 Qh7 53. Kc1 Bc7 54. Qb1 Nd7 55. Qa1 Qg8 56. a5 bxa5 57. b6 Bxb6 58. Nxb6 Ndxb6 59. Nb5 a4 60. Nxa7 Rxa7 61. Bb5 Qf7 62. Bxa4 Nxa4 63. Rxa4 Rxa4 64. Rxa4 Qd7 65. Ra5 Qc7 66. Rb5 Kg7 67. Be1 Qd7 68. Qa5 Kf7 69. Rb2 Ke7 70. Qa3 Qc7 71. Ba5 Qd7 72. Qb3 Ba6 73. Kd2 Ke8 74. Bb6 Ke7 75. Qa3 Bb7 76. Qa5 Ke8 77. Bc7 Bxd5 78. exd5 e4 79. Qb5 e3+ 80. Kd3 1-0

[Event "Euskadi-ch 13th"]
[Site "Euskadi"]
[Date "1999.??.??"]
[Round "5"]
[White "Agirretxe San Sebastian, Jesus Maria"]
[Black "Arce Balluerca, Jorge"]
[Result "1/2-1/2"]
[WhiteElo "2180"]
[BlackElo "2180"]
[PlyCount "95"]
[EventDate "1999.??.??"]
[EventType "swiss"]
[EventRounds "7"]
[EventCountry "ESP"]
[SourceTitle "EXT 2000"]
[Source "ChessBase"]
[SourceDate "1999.11.16"]
[SourceVersion "1"]
[SourceVersionDate "1999.11.16"]
[SourceQuality "1"]

1. d4 g6 2. c4 Bg7 3. Nc3 d6 4. g3 Nf6 5. Bg2 0-0 6. Nf3 Nc6 7. d5 Na5 8. Nd2 c5 9. Qc2 e6 10. 0-0 exd5 11. cxd5 Rb8 12. b3 b5 13. Bb2 Re8 14. e4 b4 15. Nd1 Ba6 16. Nc4 Nxc4 17. bxc4 Bc8 18. f4 Rb7 19. Nf2 Rbe7 20. a3 Qb6 21. axb4 cxb4 22. c5 dxc5 23. e5 Ng4 24. d6 Ne3 25. Qe2 c4 26. dxe7 Nxf1 27. Qxc4 Ne3 28. Qc6 Qxc6 29. Bxc6 Rxe7 30. Bd4 Nc2 31. Rxa7 Rxa7 32. Bxa7 b3 33. Ba4 Be6 34. Nd3 Bf8 35. Nc5 Bxc5+ 36. Bxc5 Ne1 37. Ba3 Bc4 38. Kf2 Nd3+ 39. Ke3 Ne1 40. Kd2 Nf3+ 41. Kc3 Be6 42. h4 h5 43. Bc5 Nh2 44. Bb5 Ng4 45. Bd4 Nh6 46. Bf2 Nf5 47. Ba4 Kf8 48. Bxb3 1/2-1/2

[Event "Euskadi-ch 13th"]
[Site "Euskadi"]
[Date "1999.??.??"]
[Round "6"]
[White "Arce Balluerca, Jorge"]
[Black "Alias Franco, Ricardo"]
[Result "1/2-1/2"]
[WhiteElo "2180"]
[BlackElo "2210"]
[PlyCount "80"]
[EventDate "1999.??.??"]
[EventType "swiss"]
[EventRounds "7"]
[EventCountry "ESP"]
[SourceTitle "EXT 2000"]
[Source "ChessBase"]
[SourceDate "1999.11.16"]
[SourceVersion "1"]
[SourceVersionDate "1999.11.16"]
[SourceQuality "1"]

1. g3 d5 2. Bg2 c6 3. Nf3 Bg4 4. h3 Bh5 5. 0-0 Nd7 6. b3 e5 7. Bb2 Bd6 8. d3 Ne7 9. Nbd2 0-0 10. c4 f6 11. Rc1 Rc8 12. a3 a5 13. Rc2 Re8 14. Re1 b6 15. Qa1 Nf8 16. Qc1 Ne6 17. Nf1 Qd7 18. Ba1 Qa7 19. Qb2 b5 20. cxb5 cxb5 21. Rec1 Bc5 22. e3 Bg6 23. b4 axb4 24. axb4 Bd6 25. Rxc8 Rxc8 26. Rxc8+ Nxc8 27. Nh4 Ne7 28. Nxg6 hxg6 29. Qb3 Nc7 30. Bc3 Qa4 31. Nd2 Qxb3 32. Nxb3 Na6 33. d4 Nxb4 34. Bxb4 Bxb4 35. Bf1 Kf7 36. Bxb5 Ke6 37. Kf1 Nf5 38. Be8 g5 39. Ke2 Nd6 40. Bc6 Ne4 1/2-1/2

[Event "Euskadi-ch 13th"]
[Site "Euskadi"]
[Date "1999.??.??"]
[Round "4"]
[White "Arce Balluerca, Jorge"]
[Black "Iruzubieta Villaluenga, Jesus Maria"]
[Result "0-1"]
[WhiteElo "2180"]
[BlackElo "2455"]
[PlyCount "72"]
[EventDate "1999.??.??"]
[EventType "swiss"]
[EventRounds "7"]
[EventCountry "ESP"]
[SourceTitle "EXT 2000"]
[Source "ChessBase"]
[SourceDate "1999.11.16"]
[SourceVersion "1"]
[SourceVersionDate "1999.11.16"]
[SourceQuality "1"]

1. g3 d5 2. Bg2 c6 3. d3 Bg4 4. h3 Bh5 5. Nf3 Nd7 6. g4 Bg6 7. Nh4 e5 8. Nxg6 hxg6 9. Nc3 Bd6 10. e4 d4 11. Ne2 c5 12. Bd2 Nf8 13. c3 Ne6 14. Qa4+ Qd7 15. Qxd7+ Kxd7 16. 0-0 g5 17. Rab1 a5 18. Rfc1 Ne7 19. Rc2 Nc6 20. Rcc1 Be7 21. f3 Rhb8 22. Be1 b5 23. Bf2 a4 24. a3 b4 25. axb4 cxb4 26. cxd4 Ncxd4 27. Bxd4 exd4 28. Rc4 Rc8 29. e5 Rxc4 30. dxc4 Ra5 31. f4 d3 32. Rd1 Nxf4 33. Nxf4 gxf4 34. Rxd3+ Kc7 35. Rd5 Bc5+ 36. Kf1 a3 0-1

[Event "Euskadi-ch 13th"]
[Site "Euskadi"]
[Date "1999.??.??"]
[Round "2"]
[White "Arce Balluerca, Jorge"]
[Black "Vilchez Gonzalez, Angel"]
[Result "1-0"]
[WhiteElo "2180"]
[BlackElo "1950"]
[PlyCount "83"]
[EventDate "1999.??.??"]
[EventType "swiss"]
[EventRounds "7"]
[EventCountry "ESP"]
[SourceTitle "EXT 2000"]
[Source "ChessBase"]
[SourceDate "1999.11.16"]
[SourceVersion "1"]
[SourceVersionDate "1999.11.16"]
[SourceQuality "1"]

1. g3 g6 2. Bg2 Bg7 3. Nc3 Nc6 4. e4 d6 5. Nf3 e5 6. 0-0 f5 7. d3 Nf6 8. Bg5 h6 9. Bxf6 Qxf6 10. Nd5 Qf7 11. Nh4 0-0 12. exf5 g5 13. Ng6 Re8 14. g4 Nd8 15. c4 c6 16. Nc3 Ne6 17. Re1 Nd4 18. Ne4 Rd8 19. Ng3 Bd7 20. c5 Be8 21. cxd6 Qd7 22. Nxe5 Qxd6 23. Nc4 Qb4 24. a3 Qb5 25. Ne4 Qb3 26. Nc5 Qxd1 27. Raxd1 b6 28. Nb7 Rd7 29. Nbd6 Bf7 30. Nxf7 Kxf7 31. Ne5+ Bxe5 32. Rxe5 Rad8 33. Ree1 c5 34. Kf1 Nc2 35. Re6 Rxd3 36. Rxd3 Rxd3 37. Rxh6 Nd4 38. Be4 Rd2 39. b3 Nxb3 40. Rh7+ Kf6 41. h4 gxh4 42. f4 1-0